[Event "European Individual Chess Championship 2017"]
[Site "?"]
[Date "2017.06.08"]
[Round "9.41"]
[White "Kovalev, Vladislav"]
[Black "Steinberg, Nitzan"]
[Result "0-1"]
[BlackElo "2532"]
[WhiteElo "2629"]
[LiveChessVersion "1.4.8"]

1. e4 {[%clk 1:30:56]} c5 {[%clk 1:30:44]} 2. Nf3 {[%clk 1:31:21]} d6
{[%clk 1:31:07]} 3. Bb5+ {[%clk 1:31:47]} Nd7 {[%clk 1:29:34]} 4. O-O
{[%clk 1:31:42]} a6 {[%clk 1:29:26]} 5. Bd3 {[%clk 1:32:03]} Ngf6
{[%clk 1:27:25]} 6. Re1 {[%clk 1:31:04]} e5 {[%clk 1:24:01]} 7. c3
{[%clk 1:31:14]} Be7 {[%clk 1:24:12]} 8. a4 {[%clk 1:31:37]} O-O {[%clk 1:20:02]}
9. Bc2 {[%clk 1:31:35]} b6 {[%clk 1:16:40]} 10. d4 {[%clk 1:31:09]} Re8
{[%clk 1:12:57]} 11. h3 {[%clk 1:28:49]} Bf8 {[%clk 1:09:47]} 12. d5
{[%clk 1:17:59]} g6 {[%clk 1:06:18]} 13. Nbd2 {[%clk 1:15:05]} Nh5
{[%clk 1:03:39]} 14. Nc4 {[%clk 1:14:36]} Qf6 {[%clk 0:54:38]} 15. Bg5
{[%clk 1:07:56]} Qg7 {[%clk 0:51:03]} 16. b4 {[%clk 1:07:59]} Rb8
{[%clk 0:42:54]} 17. Rb1 {[%clk 0:56:40]} cxb4 {[%clk 0:37:41]} 18. cxb4
{[%clk 0:54:23]} h6 {[%clk 0:36:59]} 19. Be3 {[%clk 0:54:31]} Qf6
{[%clk 0:36:18]} 20. Bd3 {[%clk 0:46:00]} Nf4 {[%clk 0:30:33]} 21. Bf1
{[%clk 0:45:36]} g5 {[%clk 0:30:05]} 22. g3 {[%clk 0:45:03]} Qg6 {[%clk 0:26:34]}
23. Kh2 {[%clk 0:42:54]} Nh5 {[%clk 0:25:05]} 24. Nfd2 {[%clk 0:42:34]} Be7
{[%clk 0:22:02]} 25. Rc1 {[%clk 0:36:56]} Ng7 {[%clk 0:20:10]} 26. Bd3
{[%clk 0:32:40]} Bd8 {[%clk 0:17:25]} 27. Qe2 {[%clk 0:31:41]} Bb7
{[%clk 0:16:46]} 28. Rc3 {[%clk 0:27:10]} Rf8 {[%clk 0:16:23]} 29. Rec1
{[%clk 0:23:29]} h5 {[%clk 0:14:53]} 30. g4 {[%clk 0:22:36]} Qh6 {[%clk 0:09:01]}
31. Kg2 {[%clk 0:22:11]} Re8 {[%clk 0:08:51]} 32. f3 {[%clk 0:11:20]} Nf8
{[%clk 0:07:01]} 33. Nxb6 {[%clk 0:11:27]} Bxb6 {[%clk 0:06:23]} 34. Bxb6
{[%clk 0:11:53]} Bxd5 {[%clk 0:06:24]} 35. Be3 {[%clk 0:05:34]} Ba8
{[%clk 0:06:12]} 36. Bxa6 {[%clk 0:05:56]} Ng6 {[%clk 0:04:59]} 37. Bc8
{[%clk 0:03:15]} Rxb4 {[%clk 0:03:28]} 38. Bd7 {[%clk 0:03:44]} Re7
{[%clk 0:02:49]} 39. Bf5 {[%clk 0:03:20]} Bb7 {[%clk 0:02:07]} 40. a5
{[%clk 0:32:20]} d5 {[%clk 0:31:48]} 41. Bxg6 {[%clk 0:24:27]} d4
{[%clk 0:26:09]} 42. Rb3 {[%clk 0:14:13]} Rxb3 {[%clk 0:19:36]} 43. Nxb3
{[%clk 0:14:43]} hxg4 {[%clk 0:13:27]} 44. hxg4 {[%clk 0:15:10]} dxe3
{[%clk 0:12:24]} 45. Nc5 {[%clk 0:07:16]} Qxg6 {[%clk 0:10:37]} 46. Qb5
{[%clk 0:06:41]} Qd6 {[%clk 0:08:46]} 47. Rc2 {[%clk 0:05:36]} Rc7
{[%clk 0:07:24]} 48. Kg3 {[%clk 0:05:10]} e2 {[%clk 0:05:33]} 49. Kf2
{[%clk 0:05:35]} Ba6 {[%clk 0:04:57]} 50. Qb8+ {[%clk 0:02:59]} Kh7
{[%clk 0:04:59]} 51. Rc1 {[%clk 0:03:25]} Qd4+ {[%clk 0:04:28]} 52. Kg3
{[%clk 0:03:47]} Rxc5 {[%clk 0:02:56]} 53. Rh1+ {[%clk 0:04:14]} Kg6
{[%clk 0:03:13]} 54. Qh8 {[%clk 0:04:39]} e1=Q+ {[%clk 0:03:23]} 0-1

[Event "European Individual Chess Championship 2017"]
[Site "?"]
[Date "2017.06.08"]
[Round "9.42"]
[White "Fedorchuk, Sergey A."]
[Black "Ladva, Ottomar"]
[Result "1-0"]
[BlackElo "2530"]
[WhiteElo "2621"]
[LiveChessVersion "1.4.8"]

1. e4 {[%clk 1:29:41]} c5 {[%clk 1:30:56]} 2. Nf3 {[%clk 1:29:10]} e6
{[%clk 1:31:19]} 3. d4 {[%clk 1:28:40]} cxd4 {[%clk 1:31:46]} 4. Nxd4
{[%clk 1:29:01]} Nc6 {[%clk 1:32:11]} 5. Nc3 {[%clk 1:29:02]} Qc7
{[%clk 1:32:37]} 6. Be2 {[%clk 1:26:27]} Nf6 {[%clk 1:32:06]} 7. O-O
{[%clk 1:22:54]} Be7 {[%clk 1:31:38]} 8. Be3 {[%clk 1:20:23]} O-O
{[%clk 1:29:30]} 9. f4 {[%clk 1:14:31]} d6 {[%clk 1:28:53]} 10. a4
{[%clk 1:13:24]} a6 {[%clk 1:27:34]} 11. Kh1 {[%clk 1:13:23]} Nxd4
{[%clk 1:27:19]} 12. Qxd4 {[%clk 1:11:20]} Bd7 {[%clk 1:27:01]} 13. e5
{[%clk 1:05:52]} Ne8 {[%clk 1:27:23]} 14. a5 {[%clk 1:05:54]} Bc6
{[%clk 1:21:43]} 15. Na4 {[%clk 1:05:32]} f6 {[%clk 0:42:18]} 16. Nb6
{[%clk 0:54:38]} Rd8 {[%clk 0:39:04]} 17. exf6 {[%clk 0:48:47]} Nxf6
{[%clk 0:34:19]} 18. c4 {[%clk 0:46:07]} Nd7 {[%clk 0:22:06]} 19. Bg4
{[%clk 0:38:15]} Nc5 {[%clk 0:13:46]} 20. Qd1 {[%clk 0:24:48]} Bf6
{[%clk 0:13:39]} 21. b4 {[%clk 0:24:57]} Bxa1 {[%clk 0:12:32]} 22. Qxa1
{[%clk 0:24:45]} Ne4 {[%clk 0:11:16]} 23. Bxe6+ {[%clk 0:23:50]} Kh8
{[%clk 0:11:45]} 24. f5 {[%clk 0:22:23]} Rde8 {[%clk 0:08:30]} 25. Bd4
{[%clk 0:21:08]} Nf6 {[%clk 0:03:11]} 26. Kg1 {[%clk 0:20:01]} Be4
{[%clk 0:01:12]} 27. Nd7 {[%clk 0:15:53]} Rxe6 {[%clk 0:01:26]} 28. fxe6
{[%clk 0:15:33]} Nxd7 {[%clk 0:01:14]} 29. Bxg7+ {[%clk 0:14:54]} Kg8
{[%clk 0:01:42]} 30. Bxf8 {[%clk 0:15:03]} Nxf8 {[%clk 0:01:43]} 31. Rxf8+
{[%clk 0:14:32]} 1-0

[Event "European Individual Chess Championship 2017"]
[Site "?"]
[Date "2017.06.08"]
[Round "9.43"]
[White "Kobo, Ori"]
[Black "Banusz, Tamas"]
[Result "1-0"]
[BlackElo "2616"]
[WhiteElo "2476"]
[LiveChessVersion "1.4.8"]

1. e4 {[%clk 1:30:54]} c6 {[%clk 1:30:55]} 2. d4 {[%clk 1:30:53]} d5
{[%clk 1:30:51]} 3. e5 {[%clk 1:31:13]} c5 {[%clk 1:31:16]} 4. dxc5
{[%clk 1:31:35]} Nc6 {[%clk 1:31:36]} 5. f4 {[%clk 1:31:35]} Nh6 {[%clk 1:15:35]}
6. c3 {[%clk 1:25:49]} Nf5 {[%clk 1:12:21]} 7. Bd3 {[%clk 1:19:10]} g5
{[%clk 1:01:30]} 8. Nf3 {[%clk 1:01:58]} g4 {[%clk 0:55:24]} 9. Nfd2
{[%clk 1:01:53]} h5 {[%clk 0:52:09]} 10. Nb3 {[%clk 0:59:18]} a5 {[%clk 0:48:45]}
11. a4 {[%clk 0:56:29]} b6 {[%clk 0:48:32]} 12. Bb5 {[%clk 0:49:51]} Bb7
{[%clk 0:44:40]} 13. Nd4 {[%clk 0:47:03]} Nfxd4 {[%clk 0:44:23]} 14. Qxd4
{[%clk 0:47:15]} Qd7 {[%clk 0:36:15]} 15. Bxc6 Qxc6 {[%clk 0:36:43]} 16. cxb6
{[%clk 0:45:05]} Ba6 {[%clk 0:36:50]} 17. Be3 {[%clk 0:44:16]} Bg7
{[%clk 0:28:42]} 18. Qc5 {[%clk 0:31:47]} Qd7 {[%clk 0:26:14]} 19. Na3
{[%clk 0:30:20]} Qxa4 {[%clk 0:24:18]} 20. Nc2 {[%clk 0:29:30]} Qd7
{[%clk 0:16:38]} 21. Rxa5 {[%clk 0:29:00]} O-O {[%clk 0:16:59]} 22. Nd4
{[%clk 0:26:35]} Rfc8 {[%clk 0:17:25]} 23. Qa3 {[%clk 0:25:09]} Bb7
{[%clk 0:13:05]} 24. Ra7 {[%clk 0:22:09]} e6 {[%clk 0:12:58]} 25. Kd2
{[%clk 0:20:55]} Bf8 {[%clk 0:13:22]} 26. Qa5 {[%clk 0:19:14]} Rab8
{[%clk 0:13:21]} 27. h3 {[%clk 0:16:34]} g3 {[%clk 0:13:03]} 28. h4
{[%clk 0:15:55]} f6 {[%clk 0:12:08]} 29. Rh3 {[%clk 0:14:06]} fxe5
{[%clk 0:11:51]} 30. Rxg3+ {[%clk 0:14:19]} Kh8 {[%clk 0:11:39]} 31. fxe5
{[%clk 0:14:19]} Qf7 {[%clk 0:11:35]} 32. Qb5 {[%clk 0:05:52]} Be7
{[%clk 0:05:58]} 33. Qd7 {[%clk 0:03:40]} Rg8 {[%clk 0:06:24]} 34. Rxb7
{[%clk 0:03:24]} 1-0

[Event "European Individual Chess Championship 2017"]
[Site "?"]
[Date "2017.06.08"]
[Round "9.44"]
[White "Tomczak, Jacek"]
[Black "Bernadskiy, Vitaliy"]
[Result "1-0"]
[BlackElo "2529"]
[WhiteElo "2615"]
[LiveChessVersion "1.4.8"]

1. e4 {[%clk 1:30:57]} e6 {[%clk 1:30:56]} 2. d4 {[%clk 1:31:11]} d5
{[%clk 1:31:23]} 3. Nc3 {[%clk 1:31:28]} Bb4 {[%clk 1:31:47]} 4. e5
{[%clk 1:31:40]} c5 {[%clk 1:32:10]} 5. a3 {[%clk 1:31:57]} Bxc3+
{[%clk 1:32:35]} 6. bxc3 {[%clk 1:32:18]} Qc7 {[%clk 1:32:56]} 7. Qg4
{[%clk 1:32:19]} f5 {[%clk 1:32:50]} 8. Qh5+ {[%clk 1:31:15]} g6 {[%clk 1:27:59]}
9. Qd1 {[%clk 1:28:48]} b6 {[%clk 1:26:38]} 10. h4 {[%clk 1:22:13]} cxd4
{[%clk 1:19:24]} 11. cxd4 {[%clk 1:17:27]} h6 {[%clk 1:08:21]} 12. Rh3
{[%clk 1:08:48]} Ne7 {[%clk 1:05:59]} 13. a4 {[%clk 1:04:21]} Ba6
{[%clk 1:05:01]} 14. Bb5+ {[%clk 1:02:36]} Kf7 {[%clk 1:01:10]} 15. Ne2
{[%clk 0:59:42]} Bxb5 {[%clk 0:54:52]} 16. axb5 {[%clk 1:00:07]} a6
{[%clk 0:54:34]} 17. Rha3 {[%clk 0:50:09]} a5 {[%clk 0:42:22]} 18. Rc3
{[%clk 0:44:07]} Qd8 {[%clk 0:42:44]} 19. Nf4 {[%clk 0:33:36]} Nd7
{[%clk 0:37:01]} 20. g4 {[%clk 0:32:21]} Rc8 {[%clk 0:31:52]} 21. Rg3
{[%clk 0:31:28]} Rg8 {[%clk 0:31:28]} 22. Ba3 {[%clk 0:27:43]} fxg4
{[%clk 0:26:12]} 23. Bxe7 {[%clk 0:18:22]} Kxe7 {[%clk 0:24:52]} 24. Qxg4
{[%clk 0:12:34]} Nf8 {[%clk 0:25:17]} 25. Raa3 {[%clk 0:12:40]} Qc7
{[%clk 0:22:22]} 26. Rac3 {[%clk 0:09:55]} Qxc3+ {[%clk 0:22:16]} 27. Rxc3
{[%clk 0:10:21]} Rxc3 {[%clk 0:22:43]} 28. Kd2 {[%clk 0:10:45]} Rc4
{[%clk 0:17:48]} 29. c3 {[%clk 0:11:01]} g5 {[%clk 0:15:32]} 30. hxg5
{[%clk 0:07:54]} hxg5 {[%clk 0:11:05]} 31. Nd3 {[%clk 0:06:46]} Rg6
{[%clk 0:09:16]} 32. Qd1 {[%clk 0:04:30]} Rc7 {[%clk 0:08:10]} 33. Qa1
{[%clk 0:04:24]} Ke8 {[%clk 0:07:53]} 34. Qa3 {[%clk 0:03:52]} Rf7
{[%clk 0:06:10]} 35. Qd6 {[%clk 0:03:29]} Nd7 {[%clk 0:05:49]} 36. Ke2
{[%clk 0:02:30]} Rh6 {[%clk 0:05:07]} 37. Ne1 {[%clk 0:01:56]} a4
{[%clk 0:02:17]} 38. Nc2 {[%clk 0:00:34]} Rh2 {[%clk 0:01:31]} 39. Qxe6+
{[%clk 0:01:00]} Kf8 {[%clk 0:01:57]} 40. Qd6+ {[%clk 0:30:43]} Kg7
{[%clk 0:32:01]} 41. Kd3 {[%clk 0:25:48]} Rfxf2 {[%clk 0:09:04]} 42. Qxd7+
{[%clk 0:24:42]} Kh6 {[%clk 0:08:41]} 43. Qxd5 {[%clk 0:20:21]} Rxc2
{[%clk 0:07:47]} 44. Qg8 {[%clk 0:16:58]} Rhd2+ {[%clk 0:05:47]} 45. Kc4
{[%clk 0:17:14]} Re2 {[%clk 0:05:54]} 46. e6 {[%clk 0:14:50]} Re3
{[%clk 0:03:40]} 47. Qh8+ {[%clk 0:06:28]} Kg6 {[%clk 0:04:07]} 48. Qe8+
{[%clk 0:06:55]} Kf5 {[%clk 0:03:37]} 49. e7 {[%clk 0:05:46]} Rce2
{[%clk 0:03:57]} 50. Qd7+ {[%clk 0:05:20]} Kf4 {[%clk 0:03:46]} 51. Qd6+
{[%clk 0:05:41]} Kg4 {[%clk 0:03:13]} 52. Kb4 {[%clk 0:03:06]} Rxe7
{[%clk 0:02:35]} 53. Kxa4 {[%clk 0:03:34]} R7e6 {[%clk 0:02:40]} 54. Qd7
{[%clk 0:03:15]} Kg3 {[%clk 0:02:17]} 55. d5 {[%clk 0:03:23]} R6e4+
{[%clk 0:02:45]} 56. Kb3 {[%clk 0:03:50]} Re5 {[%clk 0:00:35]} 57. Qc7
{[%clk 0:04:16]} Kg2 {[%clk 0:00:45]} 58. Qxb6 {[%clk 0:04:07]} g4
{[%clk 0:01:00]} 59. d6 {[%clk 0:03:35]} Rd2 {[%clk 0:01:10]} 60. c4
{[%clk 0:03:09]} Re1 {[%clk 0:01:37]} 61. Qc6+ {[%clk 0:01:58]} Kh2
{[%clk 0:01:59]} 62. d7 {[%clk 0:00:58]} Red1 {[%clk 0:01:27]} 63. Qh6+
{[%clk 0:01:25]} Kg2 {[%clk 0:01:20]} 64. Qc6+ {[%clk 0:01:50]} Kh2
{[%clk 0:01:35]} 65. Qh6+ {[%clk 0:01:06]} Kg2 {[%clk 0:02:02]} 66. c5
{[%clk 0:01:27]} Rxd7 {[%clk 0:01:21]} 67. b6 {[%clk 0:01:09]} g3
{[%clk 0:00:51]} 68. Kc2 {[%clk 0:01:00]} R1d5 {[%clk 0:00:36]} 69. Qe3
{[%clk 0:01:07]} Kh2 {[%clk 0:00:49]} 70. Qh6+ {[%clk 0:01:31]} Kg1
{[%clk 0:01:13]} 71. c6 {[%clk 0:01:28]} Rc5+ {[%clk 0:01:41]} 72. Kb2
{[%clk 0:01:39]} Re7 {[%clk 0:01:46]} 73. b7 {[%clk 0:01:12]} Rb5+
{[%clk 0:02:13]} 74. Kc3 {[%clk 0:01:27]} g2 {[%clk 0:02:24]} 75. Qd6
{[%clk 0:00:39]} Re3+ {[%clk 0:02:26]} 76. Kc4 {[%clk 0:00:58]} Kf2
{[%clk 0:00:40]} 77. Qd2+ {[%clk 0:01:05]} Re2 {[%clk 0:00:54]} 78. Qf4+
{[%clk 0:01:22]} Ke1 {[%clk 0:01:16]} 79. Qc1+ {[%clk 0:01:31]} 1-0

[Event "European Individual Chess Championship 2017"]
[Site "?"]
[Date "2017.06.08"]
[Round "9.45"]
[White "Sviridov, Valery"]
[Black "Melkumyan, Hrant"]
[Result "0-1"]
[BlackElo "2613"]
[WhiteElo "2504"]
[LiveChessVersion "1.4.8"]

1. d4 {[%clk 1:30:54]} d5 {[%clk 1:28:12]} 2. c4 {[%clk 1:30:56]} c6
{[%clk 1:28:25]} 3. Nf3 {[%clk 1:31:10]} Nf6 {[%clk 1:28:46]} 4. Qc2
{[%clk 1:30:53]} g6 {[%clk 1:29:07]} 5. Bf4 {[%clk 1:31:02]} Bg7 {[%clk 1:29:28]}
6. e3 {[%clk 1:31:18]} O-O {[%clk 1:29:48]} 7. Nc3 {[%clk 1:31:37]} c5
{[%clk 1:30:01]} 8. dxc5 {[%clk 1:30:14]} Qa5 {[%clk 1:30:20]} 9. Rd1
{[%clk 1:28:33]} Na6 {[%clk 1:20:43]} 10. cxd5 {[%clk 1:23:13]} Nxc5
{[%clk 1:20:35]} 11. Be2 {[%clk 1:14:15]} b5 {[%clk 1:01:11]} 12. O-O
{[%clk 1:04:30]} Bf5 {[%clk 1:01:17]} 13. Qc1 {[%clk 0:57:50]} b4
{[%clk 0:48:54]} 14. Nb5 {[%clk 0:57:27]} Rac8 {[%clk 0:48:16]} 15. d6
{[%clk 0:39:08]} Nd3 {[%clk 0:44:53]} 16. Qa1 {[%clk 0:31:58]} Nxf4
{[%clk 0:28:01]} 17. exf4 {[%clk 0:29:44]} exd6 {[%clk 0:19:29]} 18. Nxd6
{[%clk 0:28:18]} Rc7 {[%clk 0:19:38]} 19. Ne5 {[%clk 0:24:05]} Be6
{[%clk 0:18:11]} 20. Bc4 {[%clk 0:19:58]} Nd5 {[%clk 0:15:30]} 21. Bxd5
{[%clk 0:17:10]} Bxd5 {[%clk 0:15:04]} 22. b3 {[%clk 0:17:15]} Be6
{[%clk 0:07:19]} 23. Qb2 {[%clk 0:15:48]} g5 {[%clk 0:06:41]} 24. Qd2
{[%clk 0:14:28]} gxf4 {[%clk 0:02:44]} 25. Ndc4 {[%clk 0:14:20]} Bxc4
{[%clk 0:00:38]} 26. Nxc4 {[%clk 0:14:44]} Qg5 {[%clk 0:00:50]} 27. Qe2
{[%clk 0:10:37]} Bc3 {[%clk 0:00:35]} 28. Qf3 {[%clk 0:10:44]} Rc5
{[%clk 0:00:42]} 29. Rd7 {[%clk 0:10:23]} a5 {[%clk 0:00:43]} 30. Rfd1
{[%clk 0:10:26]} a4 {[%clk 0:00:51]} 31. h3 {[%clk 0:08:50]} a3 {[%clk 0:00:37]}
32. R1d5 {[%clk 0:05:52]} Rxd5 {[%clk 0:01:06]} 33. Rxd5 {[%clk 0:06:11]} Qf6
{[%clk 0:01:25]} 34. Rd6 {[%clk 0:02:20]} Qf5 {[%clk 0:01:20]} 35. Rd3
{[%clk 0:01:46]} Re8 {[%clk 0:01:10]} 36. Nd6 {[%clk 0:01:56]} Re1+
{[%clk 0:01:32]} 37. Kh2 {[%clk 0:02:22]} Qe6 {[%clk 0:01:02]} 38. Qh5
{[%clk 0:00:39]} Re5 {[%clk 0:00:38]} 39. Qf3 {[%clk 0:00:42]} Re1
{[%clk 0:00:34]} 40. Qh5 {[%clk 0:31:07]} Qg6 {[%clk 0:30:32]} 41. Nf5
{[%clk 0:29:12]} Re8 {[%clk 0:26:43]} 42. Rd8 {[%clk 0:24:24]} Rxd8
{[%clk 0:25:26]} 43. Ne7+ {[%clk 0:24:47]} Kg7 {[%clk 0:25:31]} 44. Nxg6
{[%clk 0:25:09]} hxg6 {[%clk 0:25:58]} 45. Qc5 {[%clk 0:18:09]} Rd2
{[%clk 0:24:19]} 46. h4 {[%clk 0:18:25]} Rxa2 {[%clk 0:21:16]} 47. h5
{[%clk 0:18:46]} Re2 {[%clk 0:17:42]} 48. hxg6 {[%clk 0:14:45]} Kxg6
{[%clk 0:16:32]} 49. Qc6+ {[%clk 0:12:41]} Bf6 {[%clk 0:13:31]} 50. Qf3
{[%clk 0:12:39]} a2 {[%clk 0:13:22]} 51. Qxe2 {[%clk 0:12:33]} a1=Q
{[%clk 0:13:47]} 52. Qe4+ {[%clk 0:12:55]} Kg7 {[%clk 0:14:12]} 53. Qxb4
{[%clk 0:13:08]} Qd4 {[%clk 0:14:32]} 54. Qe1 {[%clk 0:12:57]} Bh4
{[%clk 0:14:12]} 55. Kg1 {[%clk 0:12:56]} Bf6 {[%clk 0:11:47]} 56. Qe2
{[%clk 0:13:06]} Qa1+ {[%clk 0:11:38]} 57. Kh2 {[%clk 0:13:29]} Qe5
{[%clk 0:11:40]} 58. Qg4+ {[%clk 0:12:55]} Kh6 {[%clk 0:11:02]} 59. Qc8
{[%clk 0:10:10]} Qh5+ {[%clk 0:10:33]} 60. Kg1 {[%clk 0:10:26]} Qd1+
{[%clk 0:11:00]} 61. Kh2 {[%clk 0:10:49]} Qxb3 {[%clk 0:11:06]} 62. Qf5
{[%clk 0:10:08]} Bg5 {[%clk 0:11:27]} 63. Qe5 {[%clk 0:10:18]} Qd3
{[%clk 0:10:41]} 64. Qh8+ {[%clk 0:09:26]} Qh7 {[%clk 0:11:05]} 65. Qc3
{[%clk 0:09:33]} Kg6+ {[%clk 0:10:54]} 66. Kg1 {[%clk 0:09:56]} Bf6
{[%clk 0:11:07]} 67. Qc4 {[%clk 0:09:34]} Qh4 {[%clk 0:10:43]} 68. Qd5
{[%clk 0:08:47]} Kg7 {[%clk 0:10:57]} 69. Qd3 {[%clk 0:09:05]} Qg4
{[%clk 0:11:04]} 70. Kf1 {[%clk 0:08:22]} Qh5 {[%clk 0:10:47]} 71. Kg1
{[%clk 0:08:42]} Qe5 {[%clk 0:10:44]} 72. Qf3 {[%clk 0:08:25]} Qe1+
{[%clk 0:10:17]} 73. Kh2 {[%clk 0:08:49]} Qe6 {[%clk 0:10:44]} 74. Kg1
{[%clk 0:09:00]} Bd4 {[%clk 0:11:10]} 75. Qd1 {[%clk 0:08:44]} Qe5
{[%clk 0:10:01]} 76. Qg4+ {[%clk 0:08:38]} Kf8 {[%clk 0:10:29]} 77. Qc8+
{[%clk 0:07:47]} Ke7 {[%clk 0:10:56]} 78. Qb7+ {[%clk 0:07:04]} Kf6
{[%clk 0:11:19]} 79. Kf1 {[%clk 0:07:13]} Bc5 {[%clk 0:11:26]} 80. Qa8
{[%clk 0:06:01]} Qd4 {[%clk 0:10:54]} 81. Qh8+ {[%clk 0:06:00]} Kg6
{[%clk 0:11:16]} 82. Qg8+ {[%clk 0:06:17]} Kh6 {[%clk 0:11:41]} 0-1

[Event "European Individual Chess Championship 2017"]
[Site "?"]
[Date "2017.06.08"]
[Round "9.47"]
[White "Iljiushenok, Ilia"]
[Black "Onischuk, Vladimir"]
[Result "0-1"]
[BlackElo "2608"]
[WhiteElo "2489"]
[LiveChessVersion "1.4.8"]

1. e4 {[%clk 1:30:55]} e6 {[%clk 1:30:38]} 2. d4 {[%clk 1:31:15]} d5
{[%clk 1:31:04]} 3. Nc3 {[%clk 1:29:27]} Bb4 {[%clk 1:31:15]} 4. a3
{[%clk 1:29:26]} Bxc3+ {[%clk 1:29:14]} 5. bxc3 {[%clk 1:29:52]} c5
{[%clk 1:14:27]} 6. dxc5 {[%clk 1:13:31]} dxe4 {[%clk 1:10:19]} 7. Qxd8+
{[%clk 1:13:13]} Kxd8 {[%clk 1:10:45]} 8. Bf4 {[%clk 1:03:43]} Bd7
{[%clk 1:05:08]} 9. O-O-O {[%clk 1:00:07]} Ne7 {[%clk 1:01:02]} 10. Bd6
{[%clk 0:42:16]} Nbc6 {[%clk 0:51:24]} 11. Ne2 {[%clk 0:33:06]} Nf5
{[%clk 0:47:27]} 12. Ng3 {[%clk 0:33:22]} Nxd6 13. Rxd6 {[%clk 0:33:46]} f5
{[%clk 0:40:45]} 14. Bc4 {[%clk 0:33:59]} Ke7 {[%clk 0:38:11]} 15. Bb3
{[%clk 0:17:13]} g6 {[%clk 0:11:13]} 16. f3 {[%clk 0:11:44]} exf3
{[%clk 0:11:07]} 17. gxf3 {[%clk 0:12:06]} Rac8 {[%clk 0:10:35]} 18. Rhd1
{[%clk 0:04:05]} Rc7 {[%clk 0:09:49]} 19. Ne2 {[%clk 0:04:18]} Nd8
{[%clk 0:08:52]} 20. Nf4 {[%clk 0:04:41]} Re8 {[%clk 0:05:01]} 21. h4
{[%clk 0:02:11]} Bc8 {[%clk 0:04:48]} 22. Nd3 {[%clk 0:01:32]} Nf7
{[%clk 0:03:07]} 23. Rd4 {[%clk 0:02:01]} Kf6 {[%clk 0:02:38]} 24. f4
{[%clk 0:02:25]} Bd7 {[%clk 0:01:22]} 25. Ne5 {[%clk 0:02:01]} Nxe5
{[%clk 0:01:47]} 26. fxe5+ {[%clk 0:02:23]} Ke7 {[%clk 0:02:14]} 27. R1d2
{[%clk 0:01:28]} Rf8 {[%clk 0:01:56]} 28. Kd1 {[%clk 0:00:42]} Bc8
{[%clk 0:02:18]} 29. Rc4 {[%clk 0:00:44]} f4 {[%clk 0:01:41]} 30. Ke2
{[%clk 0:00:53]} Rf5 {[%clk 0:01:51]} 31. Kf3 {[%clk 0:01:18]} Rxe5
{[%clk 0:01:37]} 32. Rxf4 {[%clk 0:00:59]} Rexc5 {[%clk 0:01:47]} 33. Kg2
{[%clk 0:01:04]} Rf5 {[%clk 0:01:50]} 34. Rfd4 {[%clk 0:00:40]} Bd7
{[%clk 0:00:50]} 35. Kg1 {[%clk 0:00:46]} Bc6 {[%clk 0:00:58]} 36. Rd8
{[%clk 0:00:51]} Rd7 {[%clk 0:01:16]} 37. R2xd7+ {[%clk 0:01:07]} Bxd7
{[%clk 0:01:43]} 38. Ra8 {[%clk 0:01:15]} a6 {[%clk 0:02:02]} 39. Kh2
{[%clk 0:00:46]} Bc6 {[%clk 0:02:09]} 40. Rh8 {[%clk 0:31:03]} h5
{[%clk 0:32:12]} 41. Rc8 {[%clk 0:30:19]} Rf2+ {[%clk 0:31:01]} 42. Kg3
{[%clk 0:30:43]} Rf3+ {[%clk 0:30:45]} 43. Kh2 {[%clk 0:31:08]} Rxc3
{[%clk 0:30:52]} 0-1